000 00675pam a2200253 a 4500
001 4330421
005 20180312083757.0
008 881219s1990 mdua b 001 0 eng c
010 _a 88036733
020 _a0683074938
040 _aDNLM/DLC
_cDLC
_dDLC
041 _aeng
060 _a612.64
080 _a612.64
082 0 0 _a612.64 SAD
_219
100 1 _a4
101 _aSHM
240 1 0 _aMedical embryology
245 1 0 _aLangman's medical embryology /
_coriginal illustrations by Jill Leland.
504 _aIncludes bibliographies and index.
740 0 _aMedical embryology.
906 _a7
_bcbc
_corignew
_d1
_eocip
_f19
_gy-gencatlg
942 _2ddc
_cBK
999 _c44748
_d44748